Las competencias básicas metadisciplinares en matemáticas /

El objetivo principal de este artículo es mostrar la contribución del diseño curricular basado en un enfoque competencial desde la perspectiva de la pedagogía de la integración y el perfil general de salida del alumnado, que llevamos años desarrollando en Ikastolen Elkartea, haciendo hincapié en el...

Full description

Bibliographic Details
Main Author: Galdeano, María
Other Authors: Gómez Lete, Maite
Format: Analitica de revista
Language:Spanish
Published: Barcelona GRA 2012
Subjects:

MARC

LEADER 00000cab a2200000 a 4500
001 025862
003 UAHC_CL
005 20180807171459.0
008 120827s2012 sp 000 spa
952 |0 0  |1 0  |2 ddc  |4 0  |6 AULA_INNOV__EDUC_209_12_000000000000000  |7 0  |8 COMP  |9 52572  |a BC  |b BC  |c General  |d 2017-08-03  |l 0  |o AULA INNOV. EDUC.-209/12  |r 2018-01-17 00:00:00  |w 2017-08-03  |y REVA 
999 |c 25862  |d 25862 
040 |a UAHC_CL  |c UAHC_CL  |d UAHC_CL 
100 1 |a Galdeano, María 
245 1 4 |a Las competencias básicas metadisciplinares en matemáticas /  |c María Galdeano Acebo, Maite Gómez Lete. 
260 |b GRA  |a Barcelona  |c 2012 
300 |a p. 16-22 
310 |a Mensual 
500 |a En: Aula de Innovacion Educativa. No. 209, febrero 2012. pp. 16-22. ISSN:1131-995X. 
520 |a El objetivo principal de este artículo es mostrar la contribución del diseño curricular basado en un enfoque competencial desde la perspectiva de la pedagogía de la integración y el perfil general de salida del alumnado, que llevamos años desarrollando en Ikastolen Elkartea, haciendo hincapié en el cambio metodológico que supone dicho enfoque para la integración de las competencias básicas metadisciplinares en el área de matemáticas. 
650 4 |a competencias basicas 
650 4 |a MATEMATICAS  |x ENSEÑANZA 
650 4 |a MATEMATICAS  |x ENSEÑANZA 
700 1 |a Gómez Lete, Maite 
700 1 |a Gómez Lete, Maite 
773 0 |t Aula de innovación educativa.  |w 025811 
900 |a AULA INNOV. EDUC.-209/12 
942 |c REVA  |2 ddc